Famous Parents - Statistics

General Stats
  • This quiz has been taken 842 times
  • The average score is 14 of 24
Answer Stats
Hint Answer % Correct
Jesus Christ Mary
92%
Malia Obama Barack
90%
Bart Simpson Homer
88%
Malia Obama Michelle
88%
Jaden Smith Will
88%
Bart Simpson Marge
85%
Jesus Christ Joseph
84%
George W Bush George
81%
Pebbles Flintstone Fred
71%
Rumor Willis Bruce
68%
Jaden Smith Jada
68%
Pebbles Flintstone Wilma
64%
John Quincy Adams John
58%
Harry Potter James
56%
George W Bush Barbara
55%
Rumer Willis Demi
53%
Harry Potter Lily
53%
Bruce Wayne Martha
25%
John Quincy Adams Abigail
24%
Horus Isis
17%
Horus Osiris
16%
Bruce Wayne Thomas
16%
Stan Marsh Randy
14%
Stan Marsh Sharon
9%
No matching quizzes found
Score Distribution
Percent of People with Each Score
Percentile by Number Answered
Your Score History
You have not taken this quiz